Statistics for Известные Диктаторы

Click here to take the quiz!

General Stats

  • This quiz has been taken 2 362 times
  • The average score is 4 of 19

Answer Stats

ПодсказкаСтранаИмя% Correct
Глава НДСАП, признанный виновным во Второй мировой войнеНацистская ГерманияАдольф Гитлер
98%
Самый долгоправящий глава СССР. Известен репрессиями 1930-х годов и победой во Второй мировой войнеСоюз Советских Социалистических РеспубликИосиф Сталин
87%
Стал пожизненным президентом Югославии в 1974 годуСоциалистическая Федеративная Республика ЮгославияИосип Броз Тито
41%
Автор "Зелёной книги", убит в 2011 годуЛивияМуаммар Каддафи
35%
Глава Турецкого национального движения, перевел турецкий на латиницуТурцияМустафа Кемаль Ататюрк
32%
Пришел в результате переворота 1973 годаЧилиАугусто Пиночет
25%
Был осуждён в Гааге и умер в тюрьме в 2006 годуСоюзная Республика ЮгославияСлободан Милошевич
23%
Глава китайской хунты, проиграл гражданскую войну и сбежал на ТайваньКитайская РеспубликаЧан Кайши
21%
Придусал политический проект "прометеизм" для ослабления РоссииПольшаЮзеф Пилсудский
12%
Добился экономического процветания страны жёсткими мерамиСингапурЛи Куан Ю
12%
Известен расстрелом протестующих в Андижане 2005 годаУзбекистанИслам Каримов
12%
Глава Исламской революции, первый аятолла ИранаИсламская Республика ИранРухолла Хомейни
11%
Последний глава ГДРГерманская Демократическая РеспубликаЭрих Хонеккер
7%
Устроил геноцид сербов во время Второй мировой войныХорватияАнте Павелич
6%
Переименовал столицу в честь себя, свергнут и убит в 1961Доминиканская РеспубликаРафаэль Трухильо
6%
Запретил европейские имена и костюмы в своей странеЗаирМобуту Сесе Секо
5%
Глава норвежского колоборационистского правительстваНорвегияВидкун Квислинг
4%
Пришел в ходе военного переворота, после был задержан советами и отправлен в ТуркмениюЛатвияКарлис Улманис
3%
Создатель "эскадронов смерти"АргентинаХорхе Видела
2%

Score Distribution

Percentile by Number Answered

Percent of People with Each Score

Your Score History

You have not taken this quiz